00414 a2200133 4500020002600000035001300026037004500039100001700084245007100101260003400172300003500206700002000241700001900261 a9780375766169c650.00 aB-211504 bRP-ZLS-2782 / UBH-07-08:6 / RP-07-08:ENG1 aLurie, Karen1 aCracking the GREcby Karen Lurie, Magda Pecsenye and Adam Robinson aNew YorkbRandom House,c2008 ax, 375 pc27.5 cm (pbk)e1 DVD aPecsenye, Magda aRobinson, Adam